000 00510nam a2200157 i 4500
001 43940
003 ES-MaACL
007 t|
008 030320s1953 sp ||||1| spa d
100 1 _aCavestany, Pablo,
_d1886-1965
_937194
245 1 0 _aFuego en la aldea
_b: poema dramático en verso, dividido en tres actos y seis cuadros /
_cPablo Cavestany.
260 _aMadrid :
_b[s.n.,
_c1953] (
_fGráficas Reunidas)
300 _a94 p. ;
_c17 cm.
852 _aES-MaACL
_jC-8853
_bR.35907
999 _c43940
_d43940